000 00637cam a22002052 4500
001 0000002543
005 20151217151857.0
008 070413s xx 000 0 eng d
020 _a0819682874 :
040 _aKABU
_cKABU
050 0 _aML419
_b.O85O85
100 1 _aOtis, Johnny.
_@0000151929
245 1 0 _aUpside your head! :
_brhythm and blues on Central Avenue.
260 _aLondon :
_bUniversity Press of New England,
_c1993.
300 _axxxv, 174 p.
650 0 _aBlues Musician
_zCalifornia
_zLos Angels.
_xBiography.
_@0000151930
908 _a070413
950 _@1
999 _c5902
_d5902